Normal view
MARC view
- ابو العنيين، محمود، م.مشارك ابراهيم، مفتي
Entry Personal Name
001 - CONTROL NUMBER
- control field: 35112
003 - CONTROL NUMBER IDENTIFIER
- control field: JO-AjAnu
005 - DATE AND TIME OF LATEST TRANSACTION
- control field: 20230606075856.0
008 - FIXED-LENGTH DATA ELEMENTS
- fixed length control field: 230606|| aca||aabn | a|a d
040 ## - CATALOGING SOURCE
- Original cataloging agency: JO-AjAnu
- Transcribing agency: JO-AjAnu
100 ## - HEADING--PERSONAL NAME
- Personal name: ابو العنيين، محمود، م.مشارك ابراهيم، مفتي
670 ## - SOURCE DATA FOUND
- Source citation: Work cat.: (JO-AjAnu)18031: ابو العنيين، محمود، م.مشارك ابراهيم، مفتي, author, تخطيط برامج إعداد لاعبي كرة القدم